Sports Quiz

Random Sports or Numbers Quiz

Most Recent Clipper By Jersey Number Quiz Stats

 Plays Quiz not verified by Sporcle

Challenge
Share
Tweet
Embed
Score 0/57 Timer 12:00
0 Plays Today
Number Player % Correct
32*Blake Griffin
82.1%
1*Baron Davis
76.9%
31*Ricky Davis
75.2%
40Paul Davis
75.2%
35*Chris Kaman
69.2%
10*Eric Gordon
60.7%
42Elton Brand
60.7%
5*Craig Smith
53%
18Derek Smith
53%
9*DeAndre Jordan
49.6%
23*Marcus Camby
41%
45*Rasual Butler
40.2%
12*Al Thornton
39.3%
2Fred Jones
34.2%
19Sam Cassell
33.3%
14Shaun Livingston
31.6%
28none
30.8%
29none
30.8%
36none
30.8%
37none
30.8%
39none
30.8%
47none
30.8%
48none
30.8%
49none
30.8%
52Eric Piatkowski
29.9%
7Luke Jackson
26.5%
50Zach Randolph
24.8%
20*Steve Novak
23.9%
3*Sebastian Telfair
23.1%
Number Player % Correct
4Mike Taylor
20.5%
25*Mardy Collins
19.7%
13Quinton Ross
17.1%
8*Brian SKinner
15.4%
0Walter McCarty
14.5%
17Tony Brown
12.8%
15James Singleton
11.1%
21*Kareem Rush
11.1%
54Chris Wilcox
11.1%
11Zeljko Rebraca
10.3%
22Brevin Knight
10.3%
6Jason Hart
8.5%
16Wang Zhi Zhi
8.5%
26James Robinson
7.7%
53Stanley Roberts
7.7%
00Kevin Duckworth
7.7%
27Elmore Spencer
6.8%
33Mikki Moore
6.8%
44Cherokee Parks
6.8%
24Richie Frahm
6%
55Lorenzen Wright
6%
30Kerry Kittles
5.1%
34Cheikh Samb
4.3%
41Glen Rice
4.3%
46Jay Murphy
3.4%
51Keith Towers
1.7%
38Jeff Cross
0.9%
43Claude Gregory
0.9%

You're not logged in!

Compare scores with friends on all Sporcle quizzes.
OR
Log In

You Might Also Like...

Show Comments

Extras

Top Quizzes Today


Score Distribution

Your Account Isn't Verified!

In order to create a playlist on Sporcle, you need to verify the email address you used during registration. Go to your Sporcle Settings to finish the process.

Report this User

Report this user for behavior that violates our Community Guidelines.

Details: